| 000 | 01167nam a2200373 i 4500 | ||
|---|---|---|---|
| 001 | 41543 | ||
| 003 | KOSZ 005 | ||
| 005 | 20221116140441.0 | ||
| 008 | 010315s2001 pl a f f |000 0 pol | ||
| 015 | _aPB 2001/5504 | ||
| 020 | _a8372511217 | ||
| 040 |
_aWA N _cWA N _dKOSZ 005/HR |
||
| 041 | 0 | _apol | |
| 046 | _k2001 | ||
| 080 | _a005 | ||
| 080 | _a(075.8) | ||
| 245 | 0 | 0 |
_aPodstawy organizacji i zarządzania : _bpraca zbiorowa / _cpod red. Marii Romanowskiej. |
| 260 |
_aWarszawa : _b"Difin", _c2001. |
||
| 300 |
_a302, [1] s. : _bil. ; _c23 cm. |
||
| 336 |
_2rdacontent _aTekst _btxt |
||
| 337 |
_2rdamedia _aBez urządzenia pośredniczącego _bn |
||
| 338 |
_2rdacarrier _aWolumin _bnc |
||
| 380 | _aKsiążki | ||
| 388 | _a2001- | ||
| 504 | _aBibliogr. przy rozdz. | ||
| 650 | 4 | _aOrganizacja | |
| 650 | 4 | _aZarządzanie | |
| 655 | 4 | _aPodręczniki akademickie | |
| 658 | _aZarządzanie i marketing | ||
| 700 | 1 |
_aRomanowska, Maria _d(1947- ) _eRedakcja |
|
| 710 | 2 |
_aDifin _4pbl. |
|
| 856 |
_uhttp://koha.tu.koszalin.pl/cgi-bin/koha/opac-detail.pl?biblionumber=41543 _zKatalog online BPK |
||
| 942 |
_2UKD _cKS |
||
| 999 |
_c41543 _d41543 |
||